000 01080nam a2200289 c 4500
999 _c431562
_d431562
003 BLK
005 20250127092745.0
008 180411b bul|||||r ||||||| ||bul||
040 _aBLK
041 _aBUL
_cBUL
080 _aГеография на България
_b913(497.2)
_z913(497.2)
100 1 _aРачев, Косьо
_d1868?-
_9337677
139 _aРачев, Косьо
_bР 41
245 1 0 _aСтара планина
_cКосьо Рачев
257 _aBGR
260 _aСофия
_c1924
_fСофия : Арм. воен.-изд. фонд
300 _a23 с.
_bс ил.
_c21 см
380 _a91
490 _aИлюстрована библиотека Географско четиво
_vГ. II, N 1
_9205761
650 0 _aСтара планина
_9423507
650 7 _aБългария - география
_2
_9149509
651 4 _aБългария
_9241624
651 7 _aИзточна Стара планина
_9178941
852 _aЦб 9.210.48814
_bО
942 _cKNG
_n0
_s1
944 _aCR
_c2021-09-13
_k30560
_lГеновева Генчева